| 000 | 02077ngm a22004210a 4500 | ||
|---|---|---|---|
| 001 | PT16724 | ||
| 003 | AR-LpoUNG | ||
| 005 | 20210202000234.0 | ||
| 007 | vd cvaizq | ||
| 008 | 191001s1981||||fr |||||||||||||||||spa d | ||
| 037 | _c$6.63 | ||
| 037 | _c$9,96 | ||
| 040 |
_aAR-LpoUNG _bspa _cAR-LpoUNG _eaacr |
||
| 041 |
_aspa _aeng |
||
| 044 | _afr | ||
| 082 | 0 | _a931.12 613gue | |
| 100 | 1 |
_aAnnaud, Jean-Jacques _edir. |
|
| 245 | 1 | 3 | _aLa guerra del fuego |
| 260 |
_aParís : _bBellevue - Pahecolor Panavisión, _c1981. |
||
| 300 | _aVHS (100 min.) : son., col. | ||
| 505 | 0 | _aGuión: Gérard Brach ; fotografía: Claude Agostini ; música: Philiphe Sarde. - Hecha en 1981 | |
| 520 | _a<p>La acción transcurre hace unos 80.000 años, cuando una tribu prehistórica sufre el ataque de otro grupo. Como consecuencia, debe abandonar la cueva en la que habita y pierde el control del fuego. Dado que el grupo no conoce el modo de producir fuego, se ve obliado a conseguirlo en otro sitio. Entonces, el anciano de la tribu asigna a tres de sus integrantes la misión de obtener un nuevo fuego. Pero esta búsqueda estará signada por la lucha contra un grupo de antropófagos y por el conocimiento que atesora una mujer. Ella con- ducirá a los exploradores hasta su propia tribu, donde les revelará la técnica practicada por su grupo para la elaboración del fuego. Final- mente, los buscadores volverán a su tribu de origen para aportar no sólo el nuevo fuego sino también la técnica para su producción</p> | ||
| 650 | 4 | _aASPECTOS ECONOMICOS | |
| 650 | 4 | _aCREENCIA | |
| 650 | 4 | _aHOMBRES | |
| 650 | 4 | _aMEDIO AMBIENTE | |
| 650 | 4 | _aSOCIEDAD | |
| 651 | 4 | _aDOCUMENTOS TEORICOS O METODOLOGICOS | |
| 653 | _aDOCUMENTALES | ||
| 653 | _aHOMINIZACION | ||
| 653 | _aVIDEOS | ||
| 710 | 2 | _aBelstar (firma comercial) | |
| 710 | 2 | _aCine Trail (firma comercial) | |
| 710 | 2 | _aICC | |
| 710 | 2 | _aStephan (Firma comercial) | |
| 905 | _a16724 | ||
| 942 | _cVIDEO | ||
| 999 |
_c54420 _d54420 |
||